000
00204nam a22000977a 4500
999
_c
263148
_d
263147
020
_a
9780545873284
100
_a
Michael price
245
_a
Star War
260
_a
New York
_b
Scholastic
_c
2016
942
_c
BK